000 01054nam a22003377a 4500
001 BR0203771
003 BR-BrBNA
005 20230928101125.0
007 ta
008 230509b bl.||||| |||| 00| 0 por d
040 _aBR-BrBNA
_bpor
_cBiblioteca Nacional de Agricultura
041 _a(Por)
072 _aT01
_b4120
090 _ 4120 BR0203771
100 1 _aGuelfi, A.
110 1 _aEscola Superior de Agricultura Luiz de Queiroz, Piracicaba, SP (Brasil)
_0Tese (Mestre em Agronomia)
245 1 _aResposta das enzimas antioxidantes em linhagens do fungo Aspergillus sp. na presença do metal pesado cádmio
260 3 _aPiracicaba, SP (Brasil):
_c2001.
300 _a60 p.
500 _aSummaries (Eng, Por); Bibliography p. 48-60; 13 illus.; 12 tables
650 _aFUNGO
650 _aCÁDMIO
650 _aPOLUIÇÃO AMBIENTAL
650 _aENZIMA
650 _aANTIOXIDANTE
650 _aTOXIDEZ
650 _aMARCADOR GENÉTICO
650 _aMÉTODO ESTATÍSTICO
909 _a202309
_bLucia
_c55
_dLucia Elande
942 _cBK
999 _c64366
_d64366